<?xml version="1.0" encoding="UTF-8"?>
<collection xmlns="http://www.loc.gov/MARC21/slim">
 <record>
  <leader>03549cam a22006857i 4500</leader>
  <controlfield tag="001">000537477</controlfield>
  <controlfield tag="003">CZ-PrVSE</controlfield>
  <controlfield tag="005">20181214100045.0</controlfield>
  <controlfield tag="007">ta</controlfield>
  <controlfield tag="008">131219m20139999xr     fr     000 0 cze d</controlfield>
  <datafield tag="015" ind1=" " ind2=" ">
   <subfield code="a">cnb002536659</subfield>
  </datafield>
  <datafield tag="020" ind1=" " ind2=" ">
   <subfield code="a">978-80-87576-73-1</subfield>
   <subfield code="q">(1. díl ;</subfield>
   <subfield code="q">vázáno)</subfield>
  </datafield>
  <datafield tag="020" ind1=" " ind2=" ">
   <subfield code="a">978-80-7502-003-1</subfield>
   <subfield code="q">(3. díl ;</subfield>
   <subfield code="q">vázáno)</subfield>
  </datafield>
  <datafield tag="020" ind1=" " ind2=" ">
   <subfield code="a">978-80-7502-004-8</subfield>
   <subfield code="q">(4. díl ;</subfield>
   <subfield code="q">vázáno)</subfield>
  </datafield>
  <datafield tag="020" ind1=" " ind2=" ">
   <subfield code="a">978-80-7502-199-1</subfield>
   <subfield code="q">(9. díl ;</subfield>
   <subfield code="q">vázáno)</subfield>
  </datafield>
  <datafield tag="035" ind1=" " ind2=" ">
   <subfield code="a">(OCoLC)870289480</subfield>
  </datafield>
  <datafield tag="040" ind1=" " ind2=" ">
   <subfield code="a">ABA001</subfield>
   <subfield code="b">cze</subfield>
   <subfield code="c">ABA006</subfield>
   <subfield code="d">OLA001</subfield>
   <subfield code="d">ABA006</subfield>
   <subfield code="e">rda</subfield>
  </datafield>
  <datafield tag="072" ind1=" " ind2="7">
   <subfield code="a">347</subfield>
   <subfield code="x">Soukromé právo</subfield>
   <subfield code="2">Konspekt</subfield>
   <subfield code="9">16</subfield>
  </datafield>
  <datafield tag="072" ind1=" " ind2="9">
   <subfield code="a">346</subfield>
   <subfield code="x">Private law</subfield>
   <subfield code="2">Conspectus</subfield>
   <subfield code="9">16</subfield>
  </datafield>
  <datafield tag="080" ind1=" " ind2=" ">
   <subfield code="a">347</subfield>
   <subfield code="2">MRF_2003</subfield>
  </datafield>
  <datafield tag="080" ind1=" " ind2=" ">
   <subfield code="a">(437.3)</subfield>
   <subfield code="2">MRF_2003</subfield>
  </datafield>
  <datafield tag="080" ind1=" " ind2=" ">
   <subfield code="a">(094.5)</subfield>
   <subfield code="2">MRF_2003</subfield>
  </datafield>
  <datafield tag="080" ind1=" " ind2=" ">
   <subfield code="a">(0.072)</subfield>
   <subfield code="2">MRF_2003</subfield>
  </datafield>
  <datafield tag="099" ind1=" " ind2="9">
   <subfield code="a">347MEL</subfield>
  </datafield>
  <datafield tag="100" ind1="1" ind2=" ">
   <subfield code="a">Melzer, Filip,</subfield>
   <subfield code="d">1975-</subfield>
   <subfield code="7">mzk2003197718</subfield>
   <subfield code="4">cwt</subfield>
  </datafield>
  <datafield tag="245" ind1="1" ind2="0">
   <subfield code="a">Občanský zákoník :</subfield>
   <subfield code="b">velký komentář /</subfield>
   <subfield code="c">Filip Melzer, Petr Tégl a kolektiv</subfield>
  </datafield>
  <datafield tag="250" ind1=" " ind2=" ">
   <subfield code="a">Vydání první</subfield>
  </datafield>
  <datafield tag="264" ind1=" " ind2="1">
   <subfield code="a">Praha :</subfield>
   <subfield code="b">Leges,</subfield>
   <subfield code="c">2013-</subfield>
  </datafield>
  <datafield tag="300" ind1=" " ind2=" ">
   <subfield code="a">svazků ;</subfield>
  </datafield>
  <datafield tag="336" ind1=" " ind2=" ">
   <subfield code="a">text</subfield>
   <subfield code="b">txt</subfield>
   <subfield code="2">rdacontent</subfield>
  </datafield>
  <datafield tag="337" ind1=" " ind2=" ">
   <subfield code="a">bez média</subfield>
   <subfield code="b">n</subfield>
   <subfield code="2">rdamedia</subfield>
  </datafield>
  <datafield tag="338" ind1=" " ind2=" ">
   <subfield code="a">svazek</subfield>
   <subfield code="b">nc</subfield>
   <subfield code="2">rdacarrier</subfield>
  </datafield>
  <datafield tag="490" ind1="1" ind2=" ">
   <subfield code="a">Komentátor</subfield>
  </datafield>
  <datafield tag="500" ind1=" " ind2=" ">
   <subfield code="a">Svazek IV z technických důvodů vydán ve 2 svazcích</subfield>
  </datafield>
  <datafield tag="504" ind1=" " ind2=" ">
   <subfield code="a">Obsahuje bibliografii, bibliografické odkazy a rejstříky</subfield>
  </datafield>
  <datafield tag="505" ind1="1" ind2=" ">
   <subfield code="a">svazek I. § 1-117. 2013. lxvi, 649 stran — svazek III. § 419-654 a související společná a přechodná ustanovení. 2014. xxx, 1234 stran. — svazek IV. § 655-975. 2016. xxxiii, 2009 stran — svazek IX. § 2894-3081. 2018. xxix, 1696 stran</subfield>
  </datafield>
  <datafield tag="650" ind1="0" ind2="7">
   <subfield code="a">občanské právo</subfield>
   <subfield code="7">ph115540</subfield>
   <subfield code="2">czenas</subfield>
  </datafield>
  <datafield tag="650" ind1="0" ind2="7">
   <subfield code="a">občanskoprávní vztahy</subfield>
   <subfield code="7">ph123626</subfield>
   <subfield code="2">czenas</subfield>
  </datafield>
  <datafield tag="651" ind1=" " ind2="7">
   <subfield code="a">Česko</subfield>
   <subfield code="7">ge128065</subfield>
   <subfield code="2">czenas</subfield>
  </datafield>
  <datafield tag="655" ind1=" " ind2="7">
   <subfield code="a">zákony</subfield>
   <subfield code="7">fd133886</subfield>
   <subfield code="2">czenas</subfield>
  </datafield>
  <datafield tag="655" ind1=" " ind2="7">
   <subfield code="a">komentáře</subfield>
   <subfield code="7">fd132578</subfield>
   <subfield code="2">czenas</subfield>
  </datafield>
  <datafield tag="650" ind1="0" ind2="9">
   <subfield code="a">civil law</subfield>
   <subfield code="2">eczenas</subfield>
  </datafield>
  <datafield tag="650" ind1="0" ind2="9">
   <subfield code="a">civil-law relations</subfield>
   <subfield code="2">eczenas</subfield>
  </datafield>
  <datafield tag="651" ind1=" " ind2="9">
   <subfield code="a">Czechia</subfield>
   <subfield code="2">eczenas</subfield>
  </datafield>
  <datafield tag="655" ind1=" " ind2="9">
   <subfield code="a">laws</subfield>
   <subfield code="2">eczenas</subfield>
  </datafield>
  <datafield tag="655" ind1=" " ind2="9">
   <subfield code="a">commentaries</subfield>
   <subfield code="2">eczenas</subfield>
  </datafield>
  <datafield tag="700" ind1="1" ind2=" ">
   <subfield code="a">Tégl, Petr,</subfield>
   <subfield code="d">1977-</subfield>
   <subfield code="7">ola2009531615</subfield>
   <subfield code="4">cwt</subfield>
  </datafield>
  <datafield tag="710" ind1="1" ind2="2">
   <subfield code="a">Česko.</subfield>
   <subfield code="t">Občanský zákoník (2012)</subfield>
   <subfield code="7">kon2012694299</subfield>
  </datafield>
  <datafield tag="830" ind1=" " ind2="0">
   <subfield code="a">Komentátor</subfield>
  </datafield>
  <datafield tag="993" ind1=" " ind2=" ">
   <subfield code="a">005984258</subfield>
  </datafield>
  <datafield tag="910" ind1=" " ind2=" ">
   <subfield code="a">ABA006</subfield>
   <subfield code="b">F226910/...</subfield>
   <subfield code="s">sv. I, III, IV, IX</subfield>
   <subfield code="t">v</subfield>
  </datafield>
  <datafield tag="911" ind1=" " ind2=" ">
   <subfield code="a">ABA001</subfield>
   <subfield code="d">zdigitalizováno</subfield>
   <subfield code="u">http://krameriusndk.nkp.cz/search/handle/uuid:76f38820-e853-11e6-8a71-005056827e52</subfield>
  </datafield>
  <datafield tag="911" ind1=" " ind2=" ">
   <subfield code="a">BOA001</subfield>
   <subfield code="d">zdigitalizováno</subfield>
   <subfield code="u">http://krameriusndk.mzk.cz/search/handle/uuid:76f38820-e853-11e6-8a71-005056827e52</subfield>
  </datafield>
  <datafield tag="996" ind1=" " ind2=" ">
   <subfield code="1">PKPRA</subfield>
   <subfield code="3">F226910/I</subfield>
   <subfield code="4">N:P</subfield>
   <subfield code="5">3142308638</subfield>
   <subfield code="7">Svazek I</subfield>
   <subfield code="8">20171204</subfield>
   <subfield code="9">347MEL</subfield>
   <subfield code="b">1</subfield>
   <subfield code="f">83</subfield>
   <subfield code="g">48353</subfield>
   <subfield code="h">Svazek I</subfield>
   <subfield code="l">UEP01</subfield>
   <subfield code="m">BOOK</subfield>
   <subfield code="q">KPEP</subfield>
   <subfield code="s">DISLOK: Kříž, Radim - ISIS894</subfield>
   <subfield code="t">na dislokovaném</subfield>
   <subfield code="u">UEP01</subfield>
   <subfield code="w">20171211</subfield>
  </datafield>
  <datafield tag="996" ind1=" " ind2=" ">
   <subfield code="1">PKPRA</subfield>
   <subfield code="3">F226910/III</subfield>
   <subfield code="4">N:P</subfield>
   <subfield code="5">3142308639</subfield>
   <subfield code="7">Svazek III</subfield>
   <subfield code="8">20171204</subfield>
   <subfield code="9">347MEL</subfield>
   <subfield code="b">3</subfield>
   <subfield code="f">83</subfield>
   <subfield code="g">48354</subfield>
   <subfield code="h">Svazek III</subfield>
   <subfield code="l">UEP01</subfield>
   <subfield code="m">BOOK</subfield>
   <subfield code="q">KPEP</subfield>
   <subfield code="s">DISLOK: Kříž, Radim - ISIS894</subfield>
   <subfield code="t">na dislokovaném</subfield>
   <subfield code="u">UEP01</subfield>
   <subfield code="w">20171211</subfield>
  </datafield>
  <datafield tag="996" ind1=" " ind2=" ">
   <subfield code="1">PKPRA</subfield>
   <subfield code="3">F226910/IV/1</subfield>
   <subfield code="4">N:P</subfield>
   <subfield code="5">3142308640</subfield>
   <subfield code="7">Svazek IV, díl 1</subfield>
   <subfield code="8">20171204</subfield>
   <subfield code="9">347MEL</subfield>
   <subfield code="b">4</subfield>
   <subfield code="c">1</subfield>
   <subfield code="f">83</subfield>
   <subfield code="g">48355</subfield>
   <subfield code="h">Svazek IV, díl 1</subfield>
   <subfield code="l">UEP01</subfield>
   <subfield code="m">BOOK</subfield>
   <subfield code="q">KPEP</subfield>
   <subfield code="s">DISLOK: Kříž, Radim - ISIS894</subfield>
   <subfield code="t">na dislokovaném</subfield>
   <subfield code="u">UEP01</subfield>
   <subfield code="w">20171211</subfield>
  </datafield>
  <datafield tag="996" ind1=" " ind2=" ">
   <subfield code="1">PKPRA</subfield>
   <subfield code="3">F226910/IV/2</subfield>
   <subfield code="4">N:P</subfield>
   <subfield code="5">3142308641</subfield>
   <subfield code="7">Svazek IV, díl 2</subfield>
   <subfield code="8">20171204</subfield>
   <subfield code="9">347MEL</subfield>
   <subfield code="b">4</subfield>
   <subfield code="c">2</subfield>
   <subfield code="f">83</subfield>
   <subfield code="g">48355</subfield>
   <subfield code="h">Svazek IV, díl 2</subfield>
   <subfield code="l">UEP01</subfield>
   <subfield code="m">BOOK</subfield>
   <subfield code="q">KPEP</subfield>
   <subfield code="s">DISLOK: Kříž, Radim - ISIS894</subfield>
   <subfield code="t">na dislokovaném</subfield>
   <subfield code="u">UEP01</subfield>
   <subfield code="w">20171211</subfield>
  </datafield>
  <datafield tag="996" ind1=" " ind2=" ">
   <subfield code="1">PKPRA</subfield>
   <subfield code="3">F226910/IX</subfield>
   <subfield code="4">N:P</subfield>
   <subfield code="5">3142320988</subfield>
   <subfield code="7">Svazek IX</subfield>
   <subfield code="8">20181029</subfield>
   <subfield code="9">347MEL</subfield>
   <subfield code="b">9</subfield>
   <subfield code="f">83</subfield>
   <subfield code="g">49979</subfield>
   <subfield code="h">Svazek IX</subfield>
   <subfield code="l">UEP01</subfield>
   <subfield code="m">BOOK</subfield>
   <subfield code="q">KPEP</subfield>
   <subfield code="s">DISLOK: Houska, Daniel - ISIS63410</subfield>
   <subfield code="t">na dislokovaném</subfield>
   <subfield code="u">UEP01</subfield>
   <subfield code="w">20181109</subfield>
  </datafield>
 </record>
</collection>
